Erraten Sie die Fußballer anhand ihrer Karrierewege #3 - Statistiken

Allgemein
  • Dieses Quiz wurde 260 mal gespielt
  • Das Durchschnittsergebnis liegt bei 5 aus 10
Antwortstatistiken
Spieler Fußballvereine % Korrekt
Neymar
95%
Robert Lewandowski
92%
Andrés Iniesta
80%
Gianluigi Buffon
71%
Pelé
68%
Sergio Aguero
49%
Frank Lampard
30%
Edwin van der Sar
13%
Roy Keane
13%
Alessandro Nesta
11%
Keine übereinstimmenden Quizze gefunden
Verteilung der Resultate
Anzahl Personen mit jedem Resultat
Perzentil nach korrekt beantworteten Fragen
Ihre Resultats-Entwicklung
Sie haben dieses Quiz noch nicht gespielt